International Mens Kits 24/25 - Statistics

General Stats
  • This quiz has been taken 46 times
  • The average score is 15 of 16
Answer Stats
Picture Answer % Correct
USA
100%
ARGENTINA
97%
FRANCE
97%
GERMANY
97%
SPAIN
97%
BRAZIL
95%
ITALY
95%
NETHERLANDS
95%
PORTUGAL
95%
SWITZERLAND
95%
BELGIUM
92%
CROATIA
92%
ENGLAND
92%
MEXICO
90%
SAUDI ARABIA
85%
COLUMBIA
79%
No matching quizzes found
Score Distribution
Percent of People with Each Score
Percentile by Number Answered
Your Score History
You have not taken this quiz